LEADER 01312nam a2200277 u 4500 001 000000055494 003 CaOOAMICUS 005 20070226115806.0 008 010202s1970 it u000 u ita u 035 $a10866912 040 $aPUL(R)$bita 100 1 $aViolante, Cinzio,$d1921-$0(OLS)http://pul/name/1223 245 10$aCronotassi dei vescovi e degli arcivescovi di Pisa dalle origini all'inizio del secolo XIII :$bprimo contributo a una nuova "Italia Sacra" /$cCinzio Violante. 260 $aPadova :$bAntenore,$c1970. 300 $aP. [3]-56 ;$c25 cm 500 $a"Estratto da 'Miscellanea Gilles Gérard Meersseman' (Italia Sacra, 15-16)". 500 $aContiene indici. 504 $aBibliografia in nota. 650 4$aVescovi.$0(OLS)http://pul/subject/210 651 4$aPisa$xStoria ecclesiastica.$0(OLS)http://pul/subject/22515 850 $aPUL 852 $aPUL$W1$xDP1 Fondo Maccarrone$y58$m1527 E 75$j72947$nBK-PRI$b $qFondi$B72947$CPULBib$Z2$F72947 $H $81 941 1 $a1 961 $aINV: F. Maccarrone 996 $6245$aCronotassi dei vescovi e degli arcivescovi di Pisa dalle origini all'inizio del secolo XIII :$bprimo contributo a una nuova "Italia Sacra"$9(OLS)http://pul/title/74287 996 $6260$aPadova :$bAntenore$9(OLS)http://pul/publisher/48020 LEADER 01539nam a2200337 a 4500 001 000000138548 003 CaOOAMICUS 005 20140528110150.0 008 140528s2008 it u000 u ita r 020 $a978-88-8422-752-2 040 $aPUL$bita 082 04$a342.4 100 1 $aSantoro, Roberta.$0(OLS)http://pul/name/89316 245 10$aAppartenenza confessionale e diritti di cittadinanza nell'Unione Europea /$cRoberta Santoro. 260 $aBari :$bCacucci,$cc2008. 300 $a125 p. ;$c22 cm 490 1 $aSocietà, diritti, religioni ;$v07 504 $aBibliografia p. [117]-125. 650 4$aLibertà religiosa$xDiritto comunitario.$0(OLS)http://pul/subject/40539 650 4$aLibertà religiosa$zEuropa.$0(OLS)http://pul/subject/20324 830 0$aSocietà, diritti, religioni ;$v07.$0(OLS)http://pul/title/144915 850 $aPUL 852 $aPUL$W1$xSL Diritto e Scienze Sociali 3$y79$m342. 4 SANRO 1$j159858$qDDC 21$B159362$CPULBib$Z2$F159362 $H124100 $82 852 $aPUL$W1$xDP1 Fondo G. Barberini$y122$m3 D 81$j166497$b2 copia$qFondi$B179223$CPULBib$Z2$F179223 $HBar1548 $82 941 1 $a9 941 1 $a1 996 $6020$a978-88-8422-752-2$9(OLS)http://pul/number/155347 996 $6082$a342.4$9(OLS)http://pul/classification/2088 996 $6245$aAppartenenza confessionale e diritti di cittadinanza nell'Unione Europea$9(OLS)http://pul/title/175393 996 $6260$aBari :$bCacucci$9(OLS)http://pul/publisher/60235